Quizzes
Events
Quiz Creation
Community
Videos
Private Events
Remove Ads
Sign In
Join for FREE
Feedback
Dark Mode
Quiz Categories
Sports
Geography
Music
Movies
Television
Just For Fun
Miscellaneous
History
Literature
Language
Science
Gaming
Entertainment
Religion
Holiday
For Kids
Quiz Lab
Recent
Popular Today
Quiz Kudos Today
Editor Picks
Curator Picks
Quizzes by...
Day
Popularity
Type
Ratings
Length
Year
Community
Subscriptions
Recent Discussions
Orange Saloon
Badges
Playlists
Quests
Create
Leaderboards
Showdown
Live 5
Trivia Bingo
Activity
Puzzle Library
Sporcle Events
Private Events
Virtual Trivia
Globe League
Become a Host
Pub Owners
SporcleCon
Opinionation
Our Games
Videos
Blog
Mobile Apps
Partnerships
Remove Ads and Go Orange
Feedback
Just For Fun
Clickable
Get the Picture
Humor
Quick Pick
Word Ladder
Missing Word
Mixed Word
Blitz
Minefield
This or That
Alphabet
Color
Typing
Sporcle
Puzzle
Word Play
Follow That Line
Logic
Just For Fun
Clickable
Get the Picture
Humor
Quick Pick
Word Ladder
Missing Word
Mixed Word
Blitz
Minefield
This or That
Alphabet
Color
Typing
Sporcle
Puzzle
Word Play
Follow That Line
Logic
Random Quiz
Search Sporcle
×
Quiz Lab
Quiz Lab
Just For Fun
Word Ladder
Type in answers that appear in a list
Type in answers that appear in a list
Classic
Best Score? Go Orange.
Word ladder from 'Ball' to 'Ball' Stats
Can you name the word ladder from 'Ball' to 'Ball'?
By
WichitaTony
5m
38 Questions
130 Plays
130 Plays
130 Plays
Comments
Comments
Give Quiz Kudos
Give Quiz Kudos
-
- Ratings
hide this ad
Replay
Link that replays current quiz
Next Quiz
Link to next quiz in quiz playlist
You Got
0%
They Got
Avg Score
68%
Avg Friend Score
Upgrade to see
Score Distribution
Jump to the score distribution portion of the page
Score
0/38
Timer
05:00
0
Plays Today
a small HINT
LADDER of WORDS
% Correct
toy
BALL
97.7%
toy
BALL
97.7%
hay
BALE
95.3%
man
MALE
95.3%
shopping
MALL
95.3%
postal
MAIL
89.1%
quick
FAST
84.5%
missing
LOST
82.2%
price
COST
82.2%
clenched
FIST
81.4%
stop
HALT
81.4%
passage
HALL
81.4%
taxis
CABS
80.6%
end
LAST
79.8%
bovines
COWS
79.1%
corn
COBS
75.2%
girl
LASS
74.4%
leaning
LIST
74.4%
brewing
MALT
74.4%
a small HINT
LADDER of WORDS
% Correct
ribbons
BOWS
73.6%
cloth
SAIL
71.3%
dirt
SOIL
69.8%
soup
BOWL
69.8%
dogs
LABS
69.8%
bubbling
BOIL
69%
people
CAST
63.6%
before
PAST
55%
desire
WISH
55%
ship
MAST
55%
clean
WASH
53.5%
hit
BASH
50.4%
squash
MASH
46.5%
mountain
PASS
41.1%
lowest
BASS
37.2%
sting
WASP
34.9%
mist
WISP
32.6%
food
HASH
31%
lock
HASP
24.8%
Quiz Playlist
Details
Report
Send in Message
Add To Playlist
Classic:
Type in answers that appear in a list
Last Updated: Feb 16, 2017
Quiz Scoreboard
CHALLENGE
Sign Up to Join the Scoreboard
Show All
Scores
Hide
Comments
May contain spoilers
Recently Published
NBA Finals Game Top Scorers (2010s)
by flibbidy
Sports
5m
Guess the 'R' Things in 3 Words
by MSUKent
Miscellaneous
3m
Actor to Badly Drawn Movie III
by MoMosMoProblems
Movies
5m
More to Explore
Quiz From the Vault
Featured Blog Post
Where Does Lost Luggage Go?
hide this ad
You Might Also Like...
Tags
Word Ladder Quiz
ball
small
Today's Top Quizzes in Just For Fun
Browse Just For Fun
hide this ad
Today's Top Quizzes in Word Ladder
Browse Word Ladder
Top Contributed Quizzes in Just For Fun
1
CrossWordLadder XXIII
2
Erkennst du die Lieblingsgerichte der watsons?
3
Quick Pick: Famous Davids
4
Sporcle Events Newsletter Bonus Questions 3/18/24
5
Guess Who in 3 Images
6
CrossWordLadder XXIV
7
CrossWordLadder XLIII
8
Trees Logic Puzzle 616
9
CrossWordLadder XXV
10
Order the Mini Maze II
Explore More
Trending Topics
Kpop
Anime
Crossword
Disney
NBA
Marvel
Harry Potter
WWE
Soccer
The Office
Song
Pokémon
NFL
Puzzle
Country
hide this ad
More By:
WichitaTony
Quiz
Plays
Rating
Category
Featured
Created
State Capitals North of Toronto
356
1.86
Geography
May 19, 2011
word ladder from 'Ball' to 'Ball'
130
3.00
Just For Fun
May 22, 2011
Word Ladder from Seat to Seat
94
3.33
Just For Fun
May 19, 2011
Name these abreviations that start with U
75
5.00
Language
Nov 26, 2011
Go to Creator's Profile
Score Distribution
Quiz Creator Spotlight
WichitaTony
Follow
Send a Message
Quizzes Created
-
Created Quiz Play Count
-
More By This Creator
Popular Quizzes Today
1
Find the US States - No Outlines Minefield
2
Find the US States
3
The Countries of the World
4
10 Largest US States in Order
5
Find the Countries of Europe - No Outlines Minefield
6
US States
7
Guess the 'R' Things in 3 Words
8
NBA Finals Game Top Scorers (2010s)
More Just For Fun Quizzes
Missing Word: NFL Places
Published
Trending Quizzes
First Name TV: Leading Men
Match the Book to the Film II
3-Word Movies in 1 Word II
First Name TV: Leading Women Drama
Match the Book to the Film VI
Recently Updated
Women's Final Four Teams by Year
bhenderson79
Presidents Quartet II
eogle
Anything But Clue(do)
eogle
Anything But Oceanian Capitals
eogle
Anything But 7
eogle
Anything But Thing
eogle
Word Ladder: February 29
pecheneg
Song Title Questions
pecheneg
Women's NCAA Tournament #1 Seeds
pecheneg
Celebrity Mug Shots
pecheneg
Trending Topics
Marvel
Crossword
Harry Potter
Anime
Disney
Kpop
NBA
Song
The Office
Pokémon
Soccer
Puzzle
Country
NFL
WWE
Your Account Isn't Verified!
In order to create a playlist on Sporcle, you need to verify the email address you used during registration. Go to your
Sporcle Settings
to finish the process.
Report this User
Report this user for behavior that violates our
Community Guidelines
.
Details:
Send Report
Go to the Sporcle.com Mobile Site →
Comments